Normal view
MARC view
Entry Personal Name
001 - CONTROL NUMBER
- control field: 1688
003 - CONTROL NUMBER IDENTIFIER
- control field: OSt
005 - DATE AND TIME OF LATEST TRANSACTION
- control field: 20211025150504.0
008 - FIXED-LENGTH DATA ELEMENTS
- fixed length control field: 211025|| aca||aabn | a|a d
040 ## - CATALOGING SOURCE
- Original cataloging agency: OSt
- Transcribing agency: OSt
100 ## - HEADING--PERSONAL NAME
- Personal name: MENON (Meena);ADARKAR (Neera)
670 ## - SOURCE DATA FOUND
- Source citation: Work cat.: (OSt)216673: Neera Adarkar: Meena Menon 1675, One Hundred Years One Hundred Voices: The Millworkers of Girangaon: An Oral History, 2004